000 00649nam a2200229Ia 4500
003 OSt
005 20220923225611.0
006 a|||||r|||| 00| 0
007 ta
008 220922b |||||||| |||| 00| 0 rus d
024 _a272,287
037 _cTextual
040 _aARTS
_cARTS
_brus
041 _2rus
_arus
082 _aO142,3N05,1, 153K4.1-.4
100 _aFੋਲੋ॥ੋਵ
_9168749
245 0 _aਤੇ ਭਾਨ ਵਹਿੰਦਾ ਰਿਹਾ
260 _c1964
650 _aਰਾFੀਅਨ ਸਾਹਿਤ
942 _hO142,3N05,1, 153K4.1-.4
_cTEXL
_2CC
999 _c379376
_d379376